|
|
|
|
| LEADER |
02135nam a2200445Ia 4500 |
| 001 |
EBC453986 |
| 003 |
MiAaPQ |
| 005 |
20200520144314.0 |
| 006 |
m o d | |
| 007 |
cr cn||||||||| |
| 008 |
090807s2009 gw a sb 100 0 eng d |
| 020 |
|
|
|z 9783598220449 (hd.bd.)
|
| 020 |
|
|
|z 3598220448 (hd.bd.)
|
| 035 |
|
|
|a (MiAaPQ)EBC453986
|
| 035 |
|
|
|a (Au-PeEL)EBL453986
|
| 035 |
|
|
|a (CaPaEBR)ebr10329889
|
| 035 |
|
|
|a (CaONFJC)MIL229670
|
| 035 |
|
|
|a (OCoLC)528749460
|
| 040 |
|
|
|a MiAaPQ
|c MiAaPQ
|d MiAaPQ
|
| 050 |
|
4 |
|a Z668
|b .W665 2009
|
| 111 |
2 |
|
|a World Conference on Continuing Professional Development and Workplace Learning for the Library and Information Professions
|n (8th :
|d 2009 :
|c Bologna, Italy)
|
| 245 |
1 |
0 |
|a Strategies for regenerating the library and information professions
|h [electronic resource] :
|b Eighth World Conference on Continuing Professional Development and Workplace Learning for the Library and Information Professions, 18-20 August 2009, Bologna, Italy /
|c edited by Jana Varlejs and Graham Walton.
|
| 246 |
3 |
0 |
|a Eighth World Conference on Continuing Professional Development and Workplace Learning for the Library and Information Professions
|
| 260 |
|
|
|a Munchen :
|b Saur,
|c 2009.
|
| 300 |
|
|
|a 415 p. :
|b ill.
|
| 490 |
1 |
|
|a IFLA publications,
|x 0344-6891 ;
|v 139
|
| 500 |
|
|
|a International conference proceedings.
|
| 504 |
|
|
|a Includes bibliographical references.
|
| 533 |
|
|
|a Electronic reproduction. Ann Arbor, MI : ProQuest, 2015. Available via World Wide Web. Access may be limited to ProQuest affiliated libraries.
|
| 650 |
|
0 |
|a Librarians
|x Education (Continuing education)
|v Congresses.
|
| 650 |
|
0 |
|a Information scientists
|x Education (Continuing education)
|v Congresses.
|
| 650 |
|
0 |
|a Library science
|v Congresses.
|
| 650 |
|
0 |
|a Information science
|v Congresses.
|
| 650 |
|
0 |
|a Career development
|v Congresses.
|
| 655 |
|
4 |
|a Electronic books.
|
| 700 |
1 |
|
|a Varlejs, Jana.
|
| 700 |
1 |
|
|a Walton, Graham.
|
| 710 |
2 |
|
|a ProQuest (Firm)
|
| 830 |
|
0 |
|a IFLA publications ;
|v 139.
|
| 856 |
4 |
0 |
|u https://ebookcentral.proquest.com/lib/matrademy/detail.action?docID=453986
|z Click to View
|